Catálogo
 En Linea

Julia.40 / (Registro nro. 50085)

Detalles MARC
000 -CABECERA
campo de control de longitud fija 01423nam a2200241 a 4500
003 - IDENTIFICADOR DEL NÚMERO DE CONTROL
campo de control DO-SdBNP
005 - FECHA Y HORA DE LA ÚLTIMA TRANSACCIÓN
campo de control 20220321125102.0
007 - CAMPO FIJO DE DESCRIPCIÓN FÍSICA--INFORMACIÓN GENERAL
campo de control de longitud fija ta
008 - DATOS DE LONGITUD FIJA--INFORMACIÓN GENERAL
campo de control de longitud fija 210709e2018 dr ||||er|||| 001 p spa d
020 ## - NÚMERO INTERNACIONAL ESTÁNDAR DEL LIBRO
Número Internacional Estándar del Libro 9789945609561
040 ## - FUENTE DE LA CATALOGACIÓN
Centro catalogador/agencia de origen DO-SdBNP
Lengua de catalogación spa
Centro/agencia transcriptor BNPHU
082 #4 - NÚMERO DE LA CLASIFICACIÓN DECIMAL DEWEY
Número de documento/Ítem B957B
Número de edición 22
100 1# - ENTRADA PRINCIPAL--NOMBRE DE PERSONA
Nombre de persona Beltrán Álvarez, Miguel Ángel
Fechas asociadas al nombre 1944 -
9 (RLIN) 79176
245 1# - MENCIÓN DE TÍTULO
Título Julia.40 /
Mención de responsabilidad, etc. Miguel Ángel Beltrán Álvarez.
260 ## - PUBLICACIÓN, DISTRIBUCIÓN, ETC.
Lugar de publicación, distribución, etc. Santo Domingo :
Nombre del editor, distribuidor, etc. Santuario,
Fecha de publicación, distribución, etc. 2018
300 ## - DESCRIPCIÓN FÍSICA
Extensión [47] p. ;
Dimensiones 23 cm.
500 ## - NOTA GENERAL
Nota general Incluye biografía del autor en la solapa de la cubierta.
505 00 - NOTA DE CONTENIDO CON FORMATO
Título Prólogo.--
-- Caminando en ti.--
-- Caricias y esperas.--
-- Con Julia de Burgos.--
-- Desborde.--
-- Despedida.--
-- El río y tú.--
-- Encargo en Madison.--
-- Infieles.--
-- Julia punto Cuarenta.--
-- Madison 104.--
-- Mi espíritu y tu nada.--
-- Miércoles once.--
-- Partida.--
-- Rosario o el encuentro.--
-- Rumor humano.--
-- Silencio abierto.--
-- Ultraje.--
-- Canto de sombras.--
-- Eco del recuerdo.--
-- Julia: Ángel de libertad.--
-- Julia de Burgos (aniversario).--
-- Jula de Burgos: Aura
-- Julia: luz en la penumbra.--
-- Para Julia de Burgos.--
-- Polvareda de tu ruta.--
-- Por siempre la intocable palabra.--
-- Sombra profética de ensueño.--
-- Transmutación del recuerdo.--
-- Tu voz en mi alma.--
-- Voz que surge del silencio y del espacio.
590 ## - NOTA LOCAL (RLIN)
Nota local Inventariado 2021/MF
600 #4 - PUNTO DE ACCESO ADICIONAL DE MATERIA--NOMBRE DE PERSONA
9 (RLIN) 8825
Nombre de persona Burgos, Julia de
Fechas asociadas al nombre 1914-1953
Subdivisión general poemas
910 ## - DATOS DE OPCIÓN DEL USUARIO (OCLC)
Datos de opción del usuario MFeliz
942 ## - ELEMENTOS DE PUNTO DE ACCESO ADICIONAL (KOHA)
Fuente del sistema de clasificación o colocación Dewey Decimal Classification
Tipo de ítem Koha Libro
Existencias
Estado de retiro Estado de pérdida Fuente del sistema de clasificación o colocación Restricciones de uso No para préstamo Código de colección Localización permanente Ubicación/localización actual Ubicación en estantería Fecha de adquisición Fuente de adquisición Total de préstamos Signatura topográfica completa Código de barras Fecha visto por última vez Precio válido a partir de Tipo de ítem Koha Número de copia
    Dewey Decimal Classification Excluido de préstamo   Patrimonio Dominicano Biblioteca Nacional Pedro Henríquez Ureña Biblioteca Nacional Pedro Henríquez Ureña Depósito 12.09.2018 Depósito legal / Editora Búho   B957B 2021-25056 09.07.2021 09.07.2021 Libro  
    Dewey Decimal Classification Préstamo en sala   Dominicana de Servicio Biblioteca Nacional Pedro Henríquez Ureña Biblioteca Nacional Pedro Henríquez Ureña Depósito 12.09.2018 Depósito legal / Editora Búho   B957B 2021-25058 09.07.2021 09.07.2021 Libro e.3
    Dewey Decimal Classification Excluido de préstamo Préstamo restrigido Patrimonio Dominicano Biblioteca Nacional Pedro Henríquez Ureña Patrimonio Dominicano Depósito 12.09.2018 Donado por Editora Búho   B957B 2021-25057 09.07.2021 09.07.2021 Libro y Folleto Colección Patrimonio Dominicano e.2

Con tecnología Koha